| 000 | 00725cam a22002174a 4500 | ||
|---|---|---|---|
| 020 | _a0471267147 (pbk. : acidfree paper) | ||
| 040 | _cDLC | ||
| 082 | 0 | 0 | _a005 WIL 2003 A004 Or. |
| 100 | 1 | _aRozlog, Mike, | |
| 245 | 1 | 0 | _aMastering JBuilder / |
| 260 |
_aIndianapolis, Ind. : _bWiley Pub., _cc2003. |
||
| 300 |
_axxvii, 569 p. : _bill. ; _c24 cm. |
||
| 500 | _aIncludes index. | ||
| 650 | 0 | _aJava (Computer program language) | |
| 700 | 1 | _aGoetz, Geoffrey L., | |
| 700 | 1 | _aNguyen, Sung, | |
| 856 | 4 | 2 | _uhttp://www.loc.gov/catdir/bios/wiley044/2002156130.html |
| 856 | 4 | 2 | _uhttp://www.loc.gov/catdir/description/wiley036/2002156130.html |
| 856 | 4 | 1 | _uhttp://www.loc.gov/catdir/toc/wiley031/2002156130.html |
| 942 | _cEK | ||
| 999 |
_c16382 _d16382 |
||